Euroval II ako netrhový nástroj dlhovej krízy
Posledné summity EÚ sa už nezaoberajú s tým, ako dostať náš kontinet na úroveň tých najvyspelejších, ale ako znížiť mieru vplyvu svetovej hospodárskej a finančnej krízy, ktorá sa v únii prejavuje obrovskou zadlženosťou predovšetkým okrajových členských štátov.
Guardado en:
| Autor principal: | |
|---|---|
| Formato: | Capítulo de libro |
| Lenguaje: | eslovaco |
| Materias: | |
| Etiquetas: |
Sin Etiquetas, Sea el primero en etiquetar este registro!
|
MARC
| LEADER | 00000naa a2200000 4500 | ||
|---|---|---|---|
| 001 | 0129584 | ||
| 005 | 20231006124317.3 | ||
| 041 | 0 | |a slo | |
| 044 | |a SK | ||
| 245 | 1 | 0 | |a Euroval II ako netrhový nástroj dlhovej krízy |c Róbert Hölcz |
| 520 | |a Posledné summity EÚ sa už nezaoberajú s tým, ako dostať náš kontinet na úroveň tých najvyspelejších, ale ako znížiť mieru vplyvu svetovej hospodárskej a finančnej krízy, ktorá sa v únii prejavuje obrovskou zadlženosťou predovšetkým okrajových členských štátov. | ||
| 610 | 2 | 0 | |a kríza finančná |
| 610 | 2 | 0 | |a Európska únia |
| 610 | 2 | 0 | |a krajiny vyspelé |
| 610 | 2 | 0 | |a dlhy štátne |
| 610 | 2 | 0 | |a pôžičky medzinárodné |
| 610 | 2 | 0 | |a pôžičky štátne |
| 100 | 1 | |a Hölcz, Róbert | |